Les villes Françaises de plus de 100 000 habitants - Statistiques

Statistiques générales
  • Ce quiz a été pris 131 fois
    115 depuis la dernière actualisation
  • Le résultat moyen est 33 sur 42
Statistiques - réponses
Classement Population Ville % Correct
9 267 991 Bordeaux
100%
2 886 040 Marseille
100%
1 2 103 778 Paris
100%
3 519 127 Lyon
99%
8 293 771 Strasbourg
99%
7 310 240 Montpellier
98%
5 357 737 Nice
97%
11 230 890 Rennes
97%
4 514 819 Toulouse
97%
10 238 246 Lille
95%
6 327 734 Nantes
93%
19 156 140 Grenoble
87%
15 166 687 Le Havre
87%
12 179 116 Toulon
87%
26 142 346 Brest
86%
14 173 136 Saint-Etienne
86%
17 161 830 Dijon
84%
24 146 351 Clermont-Ferrand
82%
42 103 671 Nancy
82%
23 149 077 Saint-Denis
82%
28 136 449 Amiens
80%
38 109 400 Caen
80%
13 177 674 Reims
80%
31 122 572 Metz
79%
35 117 662 Rouen
79%
18 159 022 Angers
78%
36 116 357 Orléans
78%
32 121 616 Perpignan
78%
27 139 259 Tours
76%
29 132 117 Annecy
74%
20 155 634 Saint-Denis de la Réunion
71%
21 151 839 Nîmes
70%
16 163 684 Villeurbanne
70%
25 146 249 Le Mans
66%
41 104 978 Mulhouse
65%
34 118 489 Besançon
64%
22 149 695 Aix-en-Provence
61%
30 129 937 Limoges
60%
40 106 130 Argenteuil
41%
37 111 934 Montreuil
38%
33 119 019 Boulogne-Billancourt
37%
39 108 088 Saint-Paul
29%
Aucun quiz correspondant
Distribution des résultats
% des personnes avec chaque résultat
Percentile par nombre de réponses
Votre historique - résultats
Vous n’avez pas pris ce quiz depuis la dernière actualisation